| 000 | 00416nam a2200181Ia 4500 | ||
|---|---|---|---|
| 005 | 20250603145844.0 | ||
| 008 | 250603s9999 xx 000 0 und d | ||
| 020 | _a9780199674343 | ||
| 050 | _aKM 30 .D4/ | ||
| 100 | _aDenning, Lord | ||
| 245 | 4 | _aThe due process of law | |
| 260 | _aNew York | ||
| 260 | _bOxford University Press | ||
| 260 | _c2013 | ||
| 300 | _a263 p | ||
| 650 | _aNew York | ||
| 942 | _cBK | ||
| 999 |
_c43061 _d43061 |
||